000 00710nmm a2200205Ia 4500
008 251105s9999||||xx |||||||||||||||||und||
020 _a9788490656471
041 _aspa
100 _aSiegel, Daniel J.
245 0 _aEl poder de la presencia :
_b Cómo la presencia de los padres moldea el cerebro de los hijos y configura las personas que llegarán a ser
264 _a[Madrid, España] :
_bAlba Editorial,
_c[Fecha de publicación no identificada]
300 _a0 páginas
490 _aEducación y Salud
650 _aFamily
700 _aSiegel, Daniel J.
700 1 _a Payne Bryson, Tina
700 1 _a Ferrer, Isabel
856 _uhttps://public.digitaliapublishing.com/a/80284
942 _cCF
999 _c71399
_d71399